000 00686nam a2200205 i 4500
001 38712
003 ES-MaACL
005 20251005063037.0
007 t|
008 030226s1925 fr |||| | fre d
100 1 _aCalmette, Albert,
_d1863-1933
_933766
245 1 0 _aManuel technique de microbiologie et sérologie /
_cpar A. Calmette, L. Nègre et A. Boquet.
260 _aParis :
_bMasson et Cie,
_c1925 (
_ePoitiers :
_fSocietè Francaise d'Imprimerie)
300 _a568 p. :
_bil., 4 lám. col. ;
_c19 cm.
650 0 4 _aMicrobiología.
_915023
700 1 _aNègre, L.
_985292
700 1 _aBoquet, A.
_930342
852 _aES-MaACL
_jB-11715
999 _c38712
_d38712